书目信息 |
| 题名: |
公司并购实务操作指引
|
|
| 作者: | 窦醒亚 , 张花蕾 编著 | |
| 分册: | ||
| 出版信息: | 北京 法律出版社 2014 |
|
| 页数: | 373页 | |
| 开本: | 23cm | |
| 丛书名: | 资本市场融资操作实务丛书 | |
| 单 册: | ||
| 中图分类: | D922.291.914 | |
| 科图分类: | ||
| 主题词: | 企业合并--公司法--研究--中国 , 企业合并 , 公司法 | |
| 电子资源: | ||
| ISBN: | 978-7-5118-5922-8 | |
| 000 | 01056nam0 2200289 450 | |
| 001 | 523 | |
| 005 | 20140908081722.85 | |
| 010 | @a978-7-5118-5922-8@dCNY58.00 | |
| 100 | @a20140627d2014 em y0chiy50 ea | |
| 101 | 0 | @achi |
| 102 | @aCN@b110000 | |
| 105 | @ay z 000yy | |
| 106 | @ar | |
| 200 | 1 | @a公司并购实务操作指引@AGong Si Bing Gou Shi Wu Cao Zuo Zhi Yin@f窦醒亚,张花蕾编著@FDou Xing Ya, Zhang Hua Lei Bian Zhu |
| 210 | @a北京@c法律出版社@d2014 | |
| 215 | @a373页@d23cm | |
| 225 | 2 | @a资本市场融资操作实务丛书 |
| 330 | @a本书详解公司并购融资操作及问题解决之道,教读者把握公司并购融资决策及流程控制方法。内容涵盖公司并购一般程序、涉及国有资产的公司并购、上市公司并购,以及并购基金。 | |
| 461 | 0 | @12001 @a资本市场融资操作实务丛书 |
| 606 | 0 | @a企业合并@x公司法@x研究@y中国 |
| 606 | 0 | @a企业合并 |
| 606 | 0 | @a公司法 |
| 690 | @aD922.291.914@v5 | |
| 701 | 0 | @a窦醒亚@ADou Xing Ya@f(1958~)@4编著 |
| 701 | 0 | @a张花蕾@AZhang Hua Lei@c(女,@f1986~)@4编著 |
| 801 | 0 | @aCN@bTANGWEI@c20140603 |
| 905 | @b0840779-81@dD922.291.914@e1124@f3 | |
| 公司并购实务操作指引/窦醒亚,张花蕾编著.-北京:法律出版社,2014 |
| 373页;23cm.-(资本市场融资操作实务丛书) |
| ISBN 978-7-5118-5922-8:CNY58.00 |
| 本书详解公司并购融资操作及问题解决之道,教读者把握公司并购融资决策及流程控制方法。内容涵盖公司并购一般程序、涉及国有资产的公司并购、上市公司并购,以及并购基金。 |
| ● |
| 相关链接 |
|
|
|
|
正题名:公司并购实务操作指引
索取号:D922.291.914/1124
 
预约/预借
| 序号 | 登录号 | 条形码 | 馆藏地/架位号 | 状态 | 备注 |
| 1 | 0840779 | 208407794 | 第一样本阅览室/ [索取号:D922.291.914/1124] | 在馆 | |
| 2 | 0840780 | 208407801 | 密集书库-史法系/ [索取号:D922.291.914/1124] | 在馆 | |
| 3 | 0840781 | 208407810 | 第一借阅区/ [索取号:D922.291.914/1124] | 在馆 |